| 000 | 00846nam a22002297a 4500 | ||
|---|---|---|---|
| 003 | OSt | ||
| 005 | 20240801204440.0 | ||
| 008 | 240801b |||||||| |||| 00| 0 eng d | ||
| 020 | _a9789588562759 | ||
| 040 |
_aCO-UdeC _besp _cCO-UdeC _dCO-UdeC |
||
| 082 | 0 | 4 |
_a863 _bA282 |
| 100 | 1 |
_aAgudelo Montoya, Carlos _92664 _d1979- |
|
| 245 | 1 | 3 |
_aEl mono / _cCarlos Agudelo Montoya. |
| 260 | 3 |
_aMedellín : _bTragaluz Editores, _bAlcaldía de Medellín, _bMedellín Lectura Viva, _c2012. |
|
| 300 |
_a66 p. ; _c23 cm. |
||
| 500 | _aBeca de creación en literatura infantil, Cuento - Medellín, 2011. | ||
| 505 | 0 | 0 | _aPeregrinación -- El mono -- Ver la lluvia caer -- El plan -- Confunde y vencerás -- Invisible |
| 546 | _aEspañol | ||
| 650 | 0 | 4 |
_aCuentos colombianos _92663 |
| 650 | 0 | 4 |
_aLiteratura colombiana _9269 |
| 942 |
_2ddc _cBK _h863 A282 _n0 |
||
| 999 |
_c1866 _d1866 |
||